[Event "SVK-ch Seniors 65"]
[Site "Tatranske Matliare"]
[Date "2025.05.24"]
[Round "1"]
[White "Diviak, Rudolf"]
[Black "Demeter, Peter"]
[Result "0-1"]
[WhiteElo "1810"]
[BlackElo "2087"]
[PlyCount "48"]
[EventDate "2025.05.24"]
[EventType "swiss"]
[EventRounds "8"]
[EventCountry "SVK"]
[SourceTitle "CB23_2025"]
[SourceDate "2025.06.04"]
[SourceVersion "1"]
[SourceVersionDate "2025.06.04"]
[SourceQuality "1"]

1. b4 a5 2. b5 c5 3. a4 Nf6 4. Bb2 g6 5. Nc3 Bg7 6. Nf3 0-0 7. g3 d6 8. Bg2 e5 9. 0-0 h6 10. d3 Be6 11. Nd2 d5 12. Ba3 b6 13. e3 Re8 14. Bb2 Nbd7 15. Ne2 Qc7 16. c4 Rad8 17. Qc2 Nf8 18. Rad1 Bg4 19. Rfe1 Bc8 20. Nf3 Bb7 21. cxd5 Nxd5 22. Qc1 Nb4 23. d4 e4 24. Qc3 exf3 0-1

[Event "SVK-ch blitz"]
[Site "Poprad"]
[Date "2025.05.02"]
[Round "2"]
[White "Demeter, Peter"]
[Black "Luptak, Pavol"]
[Result "1-0"]
[WhiteElo "2129"]
[BlackElo "1929"]
[PlyCount "60"]
[EventDate "2025.05.02"]
[EventType "swiss (blitz)"]
[EventRounds "13"]
[EventCountry "SVK"]
[SourceTitle "CB19_2025"]
[SourceDate "2025.05.07"]
[SourceVersion "1"]
[SourceVersionDate "2025.05.07"]
[SourceQuality "1"]

1. c4 c5 2. Nf3 Nf6 3. g3 g6 4. Bg2 Bg7 5. 0-0 0-0 6. d4 d6 7. Nc3 Nc6 8. e4 cxd4 9. Nxd4 a6 10. Nc2 e6 11. Bf4 Ne8 12. Qd2 Ne5 13. b3 Qc7 14. Rac1 Bd7 15. Ne3 Bc6 16. Ncd5 exd5 17. cxd5 Rd8 18. dxc6 bxc6 19. Qe2 Qb7 20. Nc4 Nxc4 21. Qxc4 Rc8 22. Rfd1 Be5 23. Bh6 Ng7 24. f4 Bb2 25. Rc2 Ba3 26. Bxg7 Kxg7 27. e5 d5 28. Qa4 Qb6+ 29. Kh1 Be7 30. Qd4 Rfd8 1-0

[Event "SVK-ch blitz"]
[Site "Poprad"]
[Date "2025.05.02"]
[Round "9"]
[White "Durana, Jonas"]
[Black "Demeter, Peter"]
[Result "1/2-1/2"]
[WhiteElo "1944"]
[BlackElo "2129"]
[PlyCount "91"]
[EventDate "2025.05.02"]
[EventType "swiss (blitz)"]
[EventRounds "13"]
[EventCountry "SVK"]
[SourceTitle "CB19_2025"]
[SourceDate "2025.05.07"]
[SourceVersion "1"]
[SourceVersionDate "2025.05.07"]
[SourceQuality "1"]

1. e4 c5 2. Nf3 d6 3. d4 cxd4 4. Nxd4 Nf6 5. Nc3 g6 6. Be3 Bg7 7. f3 0-0 8. Qd2 Nc6 9. 0-0-0 Be6 10. h4 Nxd4 11. Bxd4 Qa5 12. Kb1 Rfc8 13. g4 Rxc3 14. Qxc3 Qxa2+ 15. Kc1 Rc8 16. Qa3 Qxa3 17. bxa3 b6 18. h5 Bb3 19. Bd3 e5 20. Be3 d5 21. Kb2 Ba4 22. hxg6 hxg6 23. Rh2 dxe4 24. Bxe4 Nxe4 25. fxe4 Bc6 26. Re1 Bxe4 27. Bxb6 Bxc2 28. Bxa7 e4+ 29. Ka2 Bd3 30. Kb3 f5 31. gxf5 gxf5 32. Rg1 Kf8 33. Kb4 Bc3+ 34. Kb3 Be5 35. Rf2 e3 36. Rf3 f4 37. Bxe3 Rc3+ 38. Kb4 Be4 39. Rxf4+ Bxf4 40. Bxf4 Rf3 41. Bd6+ Kf7 42. Re1 Bd5 43. a4 Rb3+ 44. Kc5 Bb7 45. a5 Ba6 46. Rf1+ 1/2-1/2

[Event "SVK-chT2D 2425"]
[Site "Slovakia"]
[Date "2024.11.30"]
[Round "3.5"]
[White "Demeter, Peter"]
[Black "Paluch, Ladislav"]
[Result "1-0"]
[WhiteElo "2094"]
[BlackElo "1949"]
[PlyCount "73"]
[EventDate "2024.11.09"]
[EventType "team-tourn"]
[EventRounds "11"]
[EventCountry "SVK"]
[SourceTitle "CB51_2024"]
[SourceDate "2024.12.18"]
[SourceVersion "1"]
[SourceVersionDate "2024.12.18"]
[SourceQuality "1"]
[WhiteTeam "Presov Tatran Dason"]
[BlackTeam "Velke Kapusany"]
[WhiteTeamCountry "SVK"]
[BlackTeamCountry "SVK"]

1. c4 e5 2. g3 Nc6 3. Bg2 Bc5 4. Nc3 d6 5. Nf3 f5 6. d3 Nf6 7. 0-0 0-0 8. e3 Ne7 9. d4 e4 10. dxc5 exf3 11. Bxf3 dxc5 12. b3 Rb8 13. Bb2 Bd7 14. Qc2 Qe8 15. Rfd1 Bc6 16. Nd5 Bxd5 17. cxd5 b6 18. d6 cxd6 19. Rxd6 Rd8 20. Rad1 Rxd6 21. Rxd6 Nc8 22. Rc6 Qd7 23. Qc4+ Kh8 24. Be5 Ng4 25. Bf4 Qd2 26. Qe2 Qxe2 27. Bxe2 Ne7 28. Rc7 Nd5 29. Rxa7 Nxf4 30. gxf4 g6 31. Rb7 Rf6 32. Bxg4 fxg4 33. Kg2 h5 34. Kg3 Rd6 35. a4 Kg8 36. Kh4 Rd2 37. Kg5 1-0

[Event "Tatran Cup 70th"]
[Site "Tatranske Matliare"]
[Date "2024.10.11"]
[Round "8"]
[White "Demeter, Peter"]
[Black "Koska, Jiri"]
[Result "1/2-1/2"]
[WhiteElo "2106"]
[BlackElo "2001"]
[PlyCount "92"]
[EventDate "2024.10.05"]
[EventType "swiss"]
[EventRounds "8"]
[EventCountry "SVK"]
[SourceTitle "CB45_2024"]
[Source "ChessBase"]
[SourceDate "2024.11.06"]
[SourceVersion "1"]
[SourceVersionDate "2024.11.06"]
[SourceQuality "1"]

1. c4 e5 2. g3 c5 3. Bg2 g6 4. Nc3 Bg7 5. d3 Nc6 6. Nf3 Nge7 7. e4 d6 8. Be3 0-0 9. Qd2 Nd4 10. Bxd4 exd4 11. Ne2 Rb8 12. 0-0 f5 13. exf5 Bxf5 14. h3 Kh8 15. Nf4 Bh6 16. Nxg6+ Nxg6 17. Qxh6 Bxd3 18. Ng5 Qd7 19. Be4 Bxe4 20. Nxe4 Rbe8 21. Ng5 Qg7 22. Qxg7+ Kxg7 23. Rfe1 Rxe1+ 24. Rxe1 Kg8 25. f4 h6 26. Re6 Nxf4 27. gxf4 hxg5 28. fxg5 Rf5 29. g6 Kg7 30. Rxd6 Rg5+ 31. Kf2 Rxg6 32. Rd7+ Kh6 33. Rxb7 Ra6 34. a3 Ra4 35. Kf3 Rxc4 36. Rxa7 Rc1 37. Rc7 Rb1 38. Rxc5 Rxb2 39. a4 d3 40. Ke3 d2 41. Ke2 Ra2 42. a5 Kg6 43. Rc6+ Kg5 44. a6 Kh4 45. Rh6+ Kg5 46. Rd6 Kh4 1/2-1/2

[Event "SVK-ch U2300"]
[Site "Liptovsky Jan"]
[Date "2024.06.18"]
[Round "8"]
[White "Demeter, Peter"]
[Black "Bombek, Peter"]
[Result "1/2-1/2"]
[WhiteElo "2075"]
[BlackElo "2115"]
[PlyCount "83"]
[EventDate "2024.06.15"]
[EventType "swiss"]
[EventRounds "8"]
[EventCountry "SVK"]
[SourceTitle "CBM 220 Extra"]
[Source "ChessBase"]
[SourceDate "2024.07.31"]
[SourceVersion "1"]
[SourceVersionDate "2024.07.31"]
[SourceQuality "1"]

1. c4 e6 2. g3 d5 3. Bg2 Nf6 4. Nf3 c5 5. 0-0 dxc4 6. Na3 Nc6 7. Nxc4 Be7 8. d3 0-0 9. a4 Nd5 10. a5 f6 11. d4 Ndb4 12. e3 Rb8 13. Bd2 b5 14. axb6 axb6 15. Bxb4 Nxb4 16. dxc5 Bxc5 17. Nd4 e5 18. Nc6 Nxc6 19. Bd5+ Kh8 20. Bxc6 Be6 21. Qxd8 Rfxd8 22. Rfc1 Kg8 23. Bb5 Ra8 24. h4 Kf7 25. b3 Ke7 26. Ra4 Rxa4 27. bxa4 Ra8 28. Kf1 Bf7 29. Ke2 Bh5+ 30. Kf1 Bg6 31. Ke2 Rd8 32. Nd2 Bh5+ 33. f3 f5 34. e4 Bb4 35. Rc7+ Kf8 36. Nc4 fxe4 37. g4 exf3+ 38. Kxf3 Bf7 39. Nxe5 Bd5+ 40. Ke2 Be6 41. Nd7+ Bxd7 42. Rxd7 1/2-1/2

[Event "SVK-ch U2300"]
[Site "Liptovsky Jan"]
[Date "2024.06.18"]
[Round "7"]
[White "Ostruzlik, Marek"]
[Black "Demeter, Peter"]
[Result "0-1"]
[WhiteElo "1991"]
[BlackElo "2075"]
[PlyCount "84"]
[EventDate "2024.06.15"]
[EventType "swiss"]
[EventRounds "8"]
[EventCountry "SVK"]
[SourceTitle "CBM 220 Extra"]
[Source "ChessBase"]
[SourceDate "2024.07.31"]
[SourceVersion "1"]
[SourceVersionDate "2024.07.31"]
[SourceQuality "1"]

1. e4 c5 2. Nf3 Nc6 3. b3 Nf6 4. e5 Nd5 5. Bc4 Nb6 6. Be2 g6 7. c3 Bg7 8. d4 cxd4 9. cxd4 d6 10. Bb2 0-0 11. 0-0 dxe5 12. dxe5 Bg4 13. Nbd2 Qb8 14. Nd4 Bxe2 15. Qxe2 Qxe5 16. Qxe5 Nxe5 17. Rab1 Nd3 18. Ba1 Rfd8 19. N4f3 Rac8 20. Bxg7 Kxg7 21. Ne4 h6 22. Rfd1 f5 23. Ng3 e5 24. Ne2 Kf6 25. Kf1 g5 26. h3 e4 27. Ne1 Ke5 28. Rd2 Nxe1 29. Rxd8 Rxd8 30. Kxe1 Rc8 31. Rc1 Rxc1+ 32. Nxc1 Nd5 33. Kd2 Nf4 34. h4 Nxg2 35. hxg5 hxg5 36. Ne2 f4 37. a4 e3+ 38. fxe3 Nxe3 39. Kd3 Nd5 40. a5 f3 41. Ng3 Kf4 42. Nf1 g4 0-1

[Event "SVK-ch U2300"]
[Site "Liptovsky Jan"]
[Date "2024.06.15"]
[Round "2"]
[White "Demeter, Peter"]
[Black "Prochazka, Michal"]
[Result "1-0"]
[WhiteElo "2075"]
[BlackElo "1882"]
[PlyCount "103"]
[EventDate "2024.06.15"]
[EventType "swiss"]
[EventRounds "8"]
[EventCountry "SVK"]
[SourceTitle "CBM 220 Extra"]
[Source "ChessBase"]
[SourceDate "2024.07.31"]
[SourceVersion "1"]
[SourceVersionDate "2024.07.31"]
[SourceQuality "1"]

1. Nf3 Nf6 2. c4 g6 3. g3 Bg7 4. Bg2 0-0 5. 0-0 d6 6. Nc3 e5 7. d4 Nbd7 8. dxe5 dxe5 9. h3 c6 10. Be3 Qc7 11. Qd2 Nb6 12. b3 Rd8 13. Qc1 Be6 14. a4 Nbd7 15. Ng5 Nf8 16. a5 Rd7 17. Rd1 Bf5 18. g4 Be6 19. Rxd7 Qxd7 20. Na4 h5 21. Nc5 Qc8 22. a6 b6 23. Ncxe6 Nxe6 24. Nxe6 Qxe6 25. g5 Ne8 26. b4 Rd8 27. Ra2 Nc7 28. Qc2 Bf8 29. Qe4 Bxb4 30. Qxc6 Qxc6 31. Bxc6 Kf8 32. Kg2 Ke7 33. Bb7 Ne6 34. Bxb6 axb6 35. a7 Nc7 36. a8Q Nxa8 37. Bxa8 Rd2 38. Ra7+ Rd7 39. Ra4 Bc5 40. Bc6 Rc7 41. Bd5 f6 42. h4 f5 43. Ra8 Kd6 44. Rg8 e4 45. Rxg6+ Ke5 46. e3 f4 47. Re6+ Kf5 48. Rf6+ Ke5 49. Rxf4 Ra7 50. Rxe4+ Kd6 51. Re6+ Kc7 52. Rh6 1-0

[Event "SVK-chT2D 2324"]
[Site "Slovakia"]
[Date "2024.03.16"]
[Round "10.4"]
[White "Hotak, Marian"]
[Black "Demeter, Peter"]
[Result "1-0"]
[WhiteElo "1955"]
[BlackElo "2073"]
[PlyCount "61"]
[EventDate "2023.10.07"]
[EventType "team-tourn"]
[EventRounds "11"]
[EventCountry "SVK"]
[SourceTitle "EXT 2025"]
[Source "ChessBase"]
[SourceDate "2024.10.14"]
[SourceVersion "1"]
[SourceVersionDate "2024.10.14"]
[SourceQuality "1"]
[WhiteTeam "Spisska Nova Ves"]
[BlackTeam "Presov Tatran Dason"]
[WhiteTeamCountry "SVK"]
[BlackTeamCountry "SVK"]

1. b4 Nf6 2. Bb2 g6 3. c4 Bg7 4. g3 0-0 5. Bg2 d6 6. d3 e5 7. Nf3 a5 8. b5 Nbd7 9. 0-0 Nb6 10. Nbd2 Nfd7 11. a4 Nc5 12. Ne4 Nxe4 13. dxe4 Nxc4 14. Bc1 h6 15. Qd3 Be6 16. Nd2 Nb6 17. Ra3 Nd7 18. Nb3 Nc5 19. Nxc5 dxc5 20. Qc2 Qe7 21. f4 Rad8 22. f5 Bc8 23. Raf3 gxf5 24. exf5 f6 25. b6 cxb6 26. Qb3+ Rf7 27. Qxb6 Qc7 28. Qb1 Rd4 29. Be3 Rxa4 30. R3f2 Rd7 31. Qb3+ 1-0

[Event "SVK-chT2D 2324"]
[Site "Slovakia"]
[Date "2024.01.14"]
[Round "7.3"]
[White "Bednar, Milan"]
[Black "Demeter, Peter"]
[Result "1/2-1/2"]
[WhiteElo "2189"]
[BlackElo "2073"]
[PlyCount "121"]
[EventDate "2023.10.07"]
[EventType "team-tourn"]
[EventRounds "11"]
[EventCountry "SVK"]
[SourceTitle "EXT 2025"]
[Source "ChessBase"]
[SourceDate "2024.10.14"]
[SourceVersion "1"]
[SourceVersionDate "2024.10.14"]
[SourceQuality "1"]
[WhiteTeam "Bardejov BSK"]
[BlackTeam "Presov Tatran Dason"]
[WhiteTeamCountry "SVK"]
[BlackTeamCountry "SVK"]

1. d4 g6 2. Nf3 Bg7 3. c4 c5 4. Nc3 cxd4 5. Nxd4 Nc6 6. e3 Nf6 7. Be2 0-0 8. 0-0 d6 9. b3 Nxd4 10. exd4 Bd7 11. Be3 a6 12. Bf3 Rb8 13. Rc1 Qa5 14. Qd2 Rfc8 15. h3 b5 16. Ne4 Qxd2 17. Nxd2 Bc6 18. d5 Bb7 19. a4 b4 20. Rfe1 Re8 21. Bf4 Rbc8 22. g4 Nd7 23. Ne4 Be5 24. Bd2 a5 25. Bg2 Bd4 26. Ng5 Nc5 27. Rb1 Rc7 28. Ne4 Nxe4 29. Bxe4 Kg7 30. Rbd1 Bc5 31. Bf4 h6 32. Bc1 Bc8 33. Bb2+ f6 34. Kg2 Kf7 35. Re2 h5 36. gxh5 gxh5 37. Bf3 Rh8 38. Be4 Bd7 39. Rd3 Rg8+ 40. Rg3 Rcc8 41. Bf3 Rh8 42. Be4 Rcg8 43. Kh2 h4 44. Rxg8 Rxg8 45. Ba1 Rg5 46. Bb2 Kf8 47. Bc1 Re5 48. Bb2 Rxe4 49. Rxe4 Bxf2 50. Kg2 Bg3 51. Bd4 e5 52. Bb6 Bf5 53. Re2 Bd3 54. Re3 e4 55. Rxg3 hxg3 56. Kxg3 Bc2 57. Bxa5 Bxb3 58. Bxb4 Bxc4 59. Bxd6+ Kf7 60. Kf4 Bxd5 61. a5 1/2-1/2